000 01242nmm a2200337 a 4500
001 ocm0001221501
003 TR-IsHL
005 20201028154916.0
008 140104s2007 tu tur
007 cr cn
020 _a9789756448960
035 _a1221501
_b(N$T)
050 0 4 _aDR435.K87
_bO96 2007
090 0 4 _aDR435.K87
_bO96 2007
100 1 _aÖzoğlu, Ali
245 1 0 _aŞifre çözüldü: masonlardan Türkiye'ye kanlı hediye Asala - PKK
_h[electronic resource] /
_cAli Özoğlu
260 _aİstanbul :
_bToplumsal Dönüşüm Yayınları,
_c2007
300 _a512 p.
650 4 _aPolitika ve Uluslararası İlişkiler
650 4 _aPolitics and International Relations
650 0 _aPartiya Karkeren Kurdistane
650 0 _aPKK
650 0 _aKürtler
_x Türkiye
_x Siyaset ve yönetim
650 0 _aKurds
_x Turkey
_x Politics and government
650 0 _aTerörizm
_x Türkiye
650 0 _aTerrorism
_x Turkey
650 0 _aTürkiye
_x Siyaset ve yönetim
_x 1980-
650 0 _aTurkey
_x Politics and government
_x 1980-
650 7 _aPOLITICAL SCIENCE / World / Middle Eastern
_2bisacsh
856 4 0 _uhttp://search.ebscohost.com/login.aspx?direct=true&scope=site&db=e011xww&AN=1221501
999 _c12816
_d12816